000 00521nam a2200181Ia 4500
005 20250326123441.0
008 250326s9999 xx 000 0 und d
037 _aTextbook
040 _aFMSL
_beng
_cFMSL
041 _aeng
_2eng
084 _aX:891 P4
_qFMSL
100 _aJones P
_965969
245 0 _aFraud and crruption in public services : guide to risk and prevention
_cJones P
260 _aEngland
_bEngland, Gower
_c2004
300 _a268p
942 _cTB
_hX:891 P4
999 _c1269415
_d1269415